000
00286nam a22001097a 4500
008
240528b |||||||| |||| 00| 0 eng d
100
_a
Narvane, Vishwanath
_9
14704
245
_a
Aadhunik Bhartiya Chintan
260
_a
Delhi:
_b
Rajkamal Prakshan;
_c
1967.
300
_a
198p.
942
_c
BK
999
_c
38231
_d
38231